| 000 | 00346nam a2200145Ia 4500 | ||
|---|---|---|---|
| 008 | 150301s2014 xx 000 0 und d | ||
| 082 |
_a610.7 _bD14B |
||
| 100 | _aBAILLIE, LESLEY | ||
| 245 | _aDEVELOPING PRACTICAL NURSING SKILL | ||
| 250 | _a4TH | ||
| 260 |
_bCRC PRESS _c2014 |
||
| 300 | _a622 | ||
| 650 | _aPRACTICE NURSING | ||
| 942 |
_2ddc _cBK |
||
| 999 |
_c6856 _d6856 |
||